[Event "Baku FIDE GP"]
[Site "Baku"]
[Date "2008.04.30"]
[Round "9"]
[White "Radjabov, Teimour"]
[Black "Kamsky, Gata"]
[Result "1-0"]
[WhiteElo "2751"]
[BlackElo "2726"]
[Annotator "Kritz,L"]
[PlyCount "88"]
[EventDate "2008.04.21"]
[EventType "tourn"]
[EventRounds "13"]
[EventCountry "AZE"]
[EventCategory "19"]
[SourceTitle "CBM 124"]
[Source "ChessBase"]
[SourceDate "2008.05.28"]
[SourceVersion "1"]
[SourceVersionDate "2008.05.28"]
[SourceQuality "1"]

1. e4 c5 2. Nf3 e6 3. d4 cxd4 4. Nxd4 a6 5. c4 $5 {Dieser Zug ist in der
heutigen Praxis eher selten zu treffen, obwohl er zu einer interessanten
Stellung führt, in der Weiß um Vorteil kämpfen kann. Das liegt wohl daran,
dass die Alternative 5.Bd3 Schwarz in Eröffnungsschwierigkeiten bringt.} (5.
Bd3 {Ist der am meisten gespielte Zug heute.} Bc5 6. Nb3 Be7 (6... Ba7 7. Qe2
Nc6 8. Be3 d6 9. O-O $14 {Mit angenehmen Spiel für Weiß. Das größte Problem
für Schwarz ist die Schwäche des Bauern d6, der ohne seinen Hauptverteidiger -
der schwarzfeldrige Läufer - geblieben ist.}) 7. O-O d6 8. Qg4 g6 9. Qe2 $14 {
Die theoretischen Varianten in dieser Stellung sind sehr lang und kompliziert,
doch es sieht so aus, als ob Weiß am Drücker ist.}) (5. Nc3 {ist der
zweitpopulärste Zug. Auch hier erreicht Weiß aussichtsreiche Stellungen,
obwohl Schwarz eher zum Kontern kommt als nach 5.Bd3} b5 (5... Nc6 {führt zu
der anderen Paulsen-Variante, die als sehr solide gilt.} 6. Nxc6 bxc6 7. Bd3 d5
8. O-O Nf6 $132 {Weiß hat Entwicklungsvorsprung, Schwarz dafür ein starkes
Zentrum und keine Schwächen im eigenen Lager.}) (5... Qc7 6. Bd3 Nc6 7. Nxc6
dxc6 8. O-O e5 9. f4 $14) 6. Bd3 Qb6 7. Nb3 d6 8. Be3 Qc7 9. O-O Nf6 10. f4 Be7
11. Qf3 Bb7 $132) 5... Nf6 6. Nc3 Qc7 (6... Bb4 7. Qc2 ({Kramnik hat in dieser
Stellung mehrmals und mit Erfolg} 7. Bd3 {gespielt. Nach} Nc6 8. a3 Bxc3+ 9.
bxc3 d6 10. O-O Ne5 11. f4 Nxd3 12. Qxd3 e5 13. fxe5 dxe5 14. Bg5 h6 15. Bh4
exd4 16. e5 dxc3 17. Qxd8+ Kxd8 18. exf6 $14 {bekam Weiß ein besseres Endspiel
aufgrund des schlechten Schwarzen Königs in Kramnik - Svidler (Wijk aan Zee,
2005)}) 7... Qc7 8. a3 Bxc3+ (8... Bc5 9. Nb3 Be7 10. f4 d6 11. Be2 Nbd7 12.
Be3 b6 13. O-O Bb7 14. Rac1 $14 {Schlosser - Siebrecht (Leoben, 2007)}) 9. Qxc3
Nxe4 10. Nb5 $1 axb5 11. Qxg7 Rf8 12. Bh6 Qd6 (12... Qc5 13. f3 bxc4 (13...
Qf2+ 14. Kd1 $18) 14. Bxc4 $1 Ng5 (14... Nf6 15. Qxf6 Qxc4 16. Rc1 $18) 15.
Qxf8+ Qxf8 16. Bxf8 Kxf8 17. h4 $18) 13. cxb5 $1 {Weiß hat's nicht eilig, der
Turm f8 läuft nicht weg.} b6 14. f3 Nc5 15. b4 Na4 16. Rc1 Bb7 17. Rc7 $1 Ra7
18. Bd3 f5 19. Kf2 Qe7 20. Qxe7+ Kxe7 21. Bxf8+ Kxf8 22. Bc2 Nb2 23. Rb1 $18)
7. a3 {Prophylaxe gegen 7....Bb4.} (7. Be2 $6 Bb4 8. Qd3 Nc6 $36) (7. Bd3 Nc6
8. Nxc6 (8. Be3 Nxd4 9. Bxd4 Bc5 10. Bxc5 Qxc5 11. O-O d6 $11) 8... dxc6 9. O-O
e5 10. h3 (10. Be3 Ng4 11. Bd2 Bc5 $132) 10... Bc5 $132) 7... b6 8. Be3 (8. Be2
Bb7 9. f3 d6 {führt zur Partiefortsetzung.}) 8... Bb7 {Die nächsten Züge für
beide Seiten sind mehr oder weniger erzwungen - beide streben eine
Igelstellung an und müssen die Entwicklung beenden. Die Zugfolge spielt dabei
keine große Rolle.} 9. f3 d6 10. Rc1 Nbd7 11. Be2 Be7 12. O-O O-O {Der Igel
ist auf dem Brett. Jetzt müssen sich beide Spieler entscheiden, welchen Plan
sie wählen. Als Bestes für Weiß gilt die Idee b4-Nb3 und dann zu versuchen c5
vorzubereiten. Das beste Gegenspiel für Schwarz besteht darin, auf der
geschwächten Diagonale h2-b8 zu spielen. Er erreicht sein Spiel mittels
Rac8-Qb8-Bd8-Bc7.} 13. b4 Rac8 14. Nb3 $5 {Dieser Zug wurde bis jetzt auf
hohem Niveau noch nicht ausprobiert. Früher hat Weiß versucht, sich mittels
Qd2-Rfd1 (oder Rc2-Rfc1)-Bf1-Qf2 aufzustellen und erst dann Nb3-c5 zu spielen.
Die Erfahrung hat gezeigt, dass Schwarz schnell genug sein Gegenspiel aufbaut
und damit gleiche Chancen hat.} (14. Qd2 Qb8 15. Rc2 (15. Rfd1 Bd8 16. Kh1 Re8
17. Nb3 Bc7 $132 {/\d5}) 15... Bd8 16. Kh1 Bc7 $132 {/\d5}) 14... Qb8 (14...
Ne5 $2 15. Na4 Ned7 16. Qd4 $16 {Schwarz verliert sehr viel Zeit während Weiß
seine Stellung verbessert.}) 15. Kh1 {Früher oder später muss Weiß Kh1 spielen,
um das Feld g1 für den Läufer (oder manchmal sogar die Dame) zu räumen, um das
Feld h2 zu verteidigen.} Rfe8 16. Na4 Bd8 {Wenn der weiße Springer das Feld c3
verlässt und damit die Kontrolle über das Feld d5 geschwächt wird, muss man
immer den Vorstoß d5 in Betracht ziehen. Leider klappt es in dieser Stellung
nicht:} (16... d5 $5 17. exd5 (17. cxd5 exd5 18. Nxb6 (18. exd5 Nxd5 19. Rxc8
Qxc8 20. Bd4 Qc6 $15) 18... Nxb6 19. Bxb6 dxe4 20. Bd4 Rxc1 21. Qxc1 Qd6 $36)
17... exd5 18. c5 $1 (18. Nxb6 Nxb6 19. Bxb6 dxc4 20. Bxc4 Bxf3 $1 21. Qxf3
Qxb6 $11) 18... bxc5 (18... b5 19. Nc3 Ne5 20. Bf2 Nc4 21. Re1 $1 Nxa3 22. Ra1
Nc4 23. Bg3 Qa8 24. Nxb5 $16) 19. Naxc5 Nxc5 20. Bxc5 $14 {Der schwarze Bb7
hat auf Dauer keine guten Perspektiven, so dass der weiße Vorteil unumstritten
ist.}) 17. Bg1 $14 {Weiß steht etwas besser. Die Schwäche h2 hat er momentan
sicher verteidigt. Auf dem Damenflügel steht alles bereit und der Angriff kann
jeder Zeit mittels c5 losgehen.} h5 18. Bf2 Bc7 19. Nd4 Ne5 20. c5 dxc5 21.
bxc5 b5 22. c6 Nxc6 23. Nxc6 Bxc6 24. Rxc6 bxa4 25. Bg1 Be5 26. Qxa4 Rxc6 27.
Qxc6 Rc8 28. Qxa6 Rc2 29. Bd3 Rd2 30. Rc1 Qb2 31. Qc8+ Kh7 32. Rc2 Rxc2 33.
Qxc2 Qxa3 34. f4 Bxf4 35. e5+ g6 36. exf6 Qd6 37. Qc5 Qxc5 38. Bxc5 Be5 39. Be7
h4 40. Bc4 g5 41. Bxe6 Kg6 42. Bc8 Bxf6 43. Bxf6 Kxf6 44. g4 hxg3 1-0

[Event "Baku FIDE GP"]
[Site "Baku"]
[Date "2008.05.02"]
[Round "10"]
[White "Radjabov, Teimour"]
[Black "Cheparinov, Ivan"]
[Result "0-1"]
[WhiteElo "2751"]
[BlackElo "2696"]
[Annotator "Ftacnik,L"]
[PlyCount "86"]
[EventDate "2008.04.21"]
[EventType "tourn"]
[EventRounds "13"]
[EventCountry "AZE"]
[EventCategory "19"]
[SourceTitle "CBM 124"]
[Source "ChessBase"]
[SourceDate "2008.05.28"]
[SourceVersion "1"]
[SourceVersionDate "2008.05.28"]
[SourceQuality "1"]

1. e4 c6 2. d3 d5 3. Nd2 g6 4. Ngf3 Bg7 5. g3 e5 6. Bg2 Ne7 7. O-O O-O 8. b4 a5
9. bxa5 Qxa5 10. Bb2 d4 11. Nb3 {Black players have learned, how to handle
this position. Despite loss of flexibility closing the center was proven
promissing.} Qc7 12. c3 dxc3 13. Bxc3 c5 14. Nfd2 {Radjabov is playing general
moves without realizing, that Cheparinov is improving his position with each
move.} (14. Qc2 Na6 15. Na5 $5 b5 16. Bd2 Bd7 17. Rfc1 Nc6 18. Nxc6 Qxc6 $11) (
14. a4 Rd8 15. Qb1 Na6 16. Rc1 Nc6 $11) 14... b5 $1 15. Qc2 (15. a4 $5 Rxa4 (
15... b4 16. Bb2 Be6 17. Nc4 Bxc4 18. dxc4 Rd8 $15) 16. Rxa4 bxa4 17. Na5 Rd8
18. Qxa4 Rxd3 19. Qc2 Rd7 $15) 15... Na6 16. Rfc1 (16. Ba5 Qc6 17. Rfc1 Bd7 18.
Nf3 Rfc8 $15) 16... Be6 17. Nf1 $6 {The knight is heading to d5 square, but
opponent will be quicker.} (17. a4 $5 bxa4 18. Na5 Bd7 $15) 17... Nc6 18. Ne3 (
18. Nxc5 Nxc5 19. Bd2 Nd4 20. Qxc5 Qb8 21. Kh1 (21. Rd1 Re8 $19) 21... Rc8 22.
Qe7 Rxc1 23. Rxc1 Ra7 24. Qg5 Rxa2 $17) 18... c4 $1 {A very disturbing move
for White, since Black has great control of excellent tactical possibilities.}
19. dxc4 bxc4 20. Nd5 (20. Nd2 Nab4 21. Bxb4 (21. Qd1 Nxa2 22. Nd5 Qd7 23. Nxc4
Nxc1 24. Rxc1 Ra2 $17) 21... Nxb4 22. Qb1 Rfb8 23. Ndxc4 Nxa2 24. Rxa2 Rxb1 25.
Rxa8+ Rb8 26. Raa1 $17) 20... cxb3 21. Nxc7 (21. Qxb3 Qd6 22. Qb6 Bd7 $19)
21... bxc2 22. Nxa8 (22. Nxe6 fxe6 23. Rxc2 Nd4 $19) 22... Nd4 $1 {[%mdl 64]
Radjabov was hoping to resist in the position with a rook for two light pieces.
Unfortunatelly just eliminating c2 pawn will prove very costly.} (22... Rxa8
23. Rxc2 Nab4 24. Rb2 Nxa2 25. Bd2 Bf8 $17) 23. Nb6 Rb8 (23... Ne2+ 24. Kf1
Nxc3 25. Rxc2 Rb8 $17) 24. Ba5 (24. Na4 Ne2+ 25. Kf1 Bc4 26. Ke1 Nxc1 27. Rxc1
Rb1 28. Kd2 Bh6+ 29. f4 exf4 $19) (24. Nd5 Bxd5 25. exd5 Ne2+ 26. Kf1 Nxc1 27.
Rxc1 Rb1 28. Bd2 Nb4 29. Ke2 Rxc1 30. Bxc1 Nxa2 31. Kd2 Bh6+ 32. Kxc2 Nxc1 33.
d6 Kf8 $19) 24... Bh6 25. Bf1 Bxc1 26. Rxc1 (26. Bxa6 Bb2 $19) 26... Nc6 $1 {
Due to the basic rank problems white is unable to save the piece.} 27. Rxc2 (
27. Bxa6 Nxa5 28. Nd5 Rb1 $19) (27. Nc4 Nxa5 28. Nxa5 Rb1 29. Rxc2 Bh3 $19)
27... Nxa5 28. Nd5 Nb4 29. Rc5 (29. Rb2 Nac6 30. Bc4 Kg7 $19) 29... Nbc6 30. a4
Kg7 {In the technical phase black does not have to hurry, any exchange of
pieces will be to his benefit.} 31. Kg2 Rb7 (31... Rb2 32. Ne3 Ra2 33. Bb5 Nd4
34. Rxe5 Nab3 $19) 32. h4 Ra7 33. Nc3 Bd7 34. Bb5 Nb3 35. Rd5 (35. Rxc6 Bxc6
36. Bxc6 Rc7 $19) 35... Nbd4 {Now Cheparinov is just a step from breaking free,
the game is over.} 36. f4 (36. Bf1 Bg4 $19) 36... exf4 37. gxf4 Nxb5 38. axb5 (
38. Nxb5 Rb7 39. Nc3 Be6 $19) 38... Ne7 39. Rc5 Rb7 40. h5 Nc8 41. hxg6 hxg6
42. Kg3 Na7 43. f5 (43. b6 Rxb6 44. Rc7 Bc6 45. Rxa7 Rb3 $19) 43... Nxb5 0-1

[Event "Sofia MTel Masters 4th"]
[Site "Sofia"]
[Date "2008.05.08"]
[Round "1"]
[White "Radjabov, Teimour"]
[Black "Ivanchuk, Vassily"]
[Result "0-1"]
[WhiteElo "2751"]
[BlackElo "2740"]
[Annotator "Krasenkow,M"]
[PlyCount "96"]
[EventDate "2008.05.08"]
[EventType "tourn"]
[EventRounds "10"]
[EventCountry "BUL"]
[EventCategory "20"]
[SourceTitle "CBM 124"]
[Source "ChessBase"]
[SourceDate "2008.05.28"]
[SourceVersion "1"]
[SourceVersionDate "2008.05.28"]
[SourceQuality "1"]

1. d4 Nf6 2. c4 e6 3. Nf3 b6 4. g3 Ba6 5. b3 Bb7 6. Bg2 Bb4+ 7. Bd2 a5 8. O-O
O-O 9. Qc2 d6 10. Nc3 Nbd7 11. Rfe1 Bxc3 12. Bxc3 Be4 13. Qb2 {This popular
line was examined in CBM 56, annotations to Van Wely - Karpov by GM L.Ftacnik.
The position is complicated but Black has good chances to equalize, despite
White's bishop pair.} Re8 {Other options:} (13... a4 14. Bh3 $1 c5 15. Rad1 Qc7
16. d5 e5 17. Nd2 Bg6 18. e4 Ne8 19. Qc2 Qd8 20. f4 f6 21. Be6+ Kh8 22. bxa4
exf4 23. gxf4 Nc7 24. Nf1 Qe8 25. Ng3 Nb8 26. f5 $16 {1-0 Markus,R-Kovacevic,A/
Bar 2003/EXT 2004 (35)}) (13... Qb8 14. Bf1 Bxf3 $1 15. exf3 d5 {a typical
manoeuvre closing down the position.} 16. Rac1 c6 17. c5 Re8 18. Bd2 Qb7 19.
Bf4 Rec8 20. Bd3 bxc5 21. dxc5 Ne8 22. Bd2 Nc7 23. f4 Re8 24. Qb1 Nf8 25. Bc3
f6 26. Re2 Nb5 27. Ba1 Na3 28. Qb2 Qb4 29. Qd2 Qxd2 30. Rxd2 Reb8 31. Bb2 Nb5
$11 {1/2-1/2 Hulak,K-Polugaevsky,L/Zagreb 1987/CBM 004 (43)}) (13... c6 14. Bf1
d5 15. Nd2 Bg6 16. a4 Nb8 17. Bg2 Na6 18. e4 Re8 19. Rac1 h6 20. Qa3 Ra7 21. e5
Nd7 22. cxd5 cxd5 23. Bf1 Ndb8 24. Bb5 Rf8 25. Nf1 Nc7 26. Be2 Rb7 27. Bd2 Qd7
28. Ne3 Rd8 29. Nc2 Nc6 30. Qa1 b5 $132 {1/2-1/2 Nguyen Anh Dung-Barus,C/Bled
2002/EXT 2003 (42)}) 14. Bh3 {A common idea in such positions: White removes
this bishop in order to avoid its exchange.} (14. Bf1 Bb7 15. Nd2 c5 16. e4
cxd4 17. Bxd4 e5 18. Bc3 Nc5 19. Qc2 h5 20. a3 h4 21. b4 axb4 22. axb4 Rxa1 23.
Bxa1 Ne6 24. Bb2 Ng5 25. Qd3 hxg3 26. hxg3 Qc7 27. f4 Ne6 28. Qe3 Ng4 29. Qf3
Nf6 30. Bd3 Ra8 $132 {1/2-1/2 Akesson,R-Hansen,S/Sweden 2000/EXT 2002 (45)})
14... Bb7 (14... Bxf3 15. exf3 d5 {was possible, of course, but Black tries
another plan.}) 15. Nd2 e5 16. Rad1 (16. d5 {is principled, followed by e2-e4
and then preparation of f2-f4.}) 16... h6 17. f3 exd4 18. Bxd4 Ne5 19. Nf1 Nh5
20. Bxe5 {Black's knights are very strong and White decides to exchange one of
them. However,} (20. Ne3 $5 {[%cal Ye3d5] was interesting} Qg5 $140 21. Bg2)
20... Rxe5 21. e4 Qf6 22. Ne3 Qxf3 $5 {[%mdl 512] An unexpected twist - Black
sacrifices an exchange. As a compensation, he gets control of the dark squares
and weakens White's e4-pawn.} 23. Bg2 Qf6 24. Ng4 Qe7 25. Nxe5 dxe5 26. Qf2 Bc6
27. a4 Qc5 28. Qxc5 bxc5 29. Re3 Kf8 30. Red3 Ke7 31. Rd5 $2 {Why? There is no
danger for White after} (31. Bf3 Nf6 32. Kf2 {as Black can't bring his knight
to d4, e.g.} Nh7 33. h4 Nf8 34. Bg4 $1 Bxe4 35. Re3 f5 36. Rxe4 $1 fxe4 37. Rd5
$14) 31... Bxd5 32. Rxd5 Nf6 33. Rxc5 (33. Rxe5+ Kd6 34. Rf5 Re8 $17) 33... Kd6
34. Rb5 Ra7 $17 {[%mdl 4096] A typical situation when the knight is much
stronger than the "bad" bishop.} 35. h4 $6 (35. Rb8 Kc5 $5 $17 {[%cal Yc5d4]})
35... Nd7 {[%cal Rc7c6]} (35... c6 $5 36. Rb8 Kc5 {[%cal Yc5d4] was possible
here, too, but why not win by force in the following pawn endgame?}) 36. Rd5+
Ke7 37. Bh3 c6 38. Rxd7+ (38. Rd2 Nc5 $19) 38... Rxd7 39. Bxd7 Kxd7 {[%cal
Rd7d6,Rd6c5,Rc5b4]} 40. c5 h5 41. Kf2 g6 42. Ke2 f5 43. exf5 gxf5 44. Kd3 Ke6
45. Kc4 f4 46. gxf4 exf4 47. Kd4 Kf5 48. Kd3 (48. b4 f3 49. Ke3 axb4 50. a5 b3
51. a6 b2 52. a7 b1=Q 53. a8=Q Qe4+ 54. Kd2 Qd4+ $19) 48... f3 (48... f3 49.
Ke3 Kg4 50. Kf2 Kf4 $19) 0-1

[Event "Sofia MTel Masters 4th"]
[Site "Sofia"]
[Date "2008.05.10"]
[Round "3"]
[White "Radjabov, Teimour"]
[Black "Aronian, Levon"]
[Result "1/2-1/2"]
[WhiteElo "2751"]
[BlackElo "2763"]
[Annotator "Stohl,I"]
[PlyCount "112"]
[EventDate "2008.05.08"]
[EventType "tourn"]
[EventRounds "10"]
[EventCountry "BUL"]
[EventCategory "20"]
[SourceTitle "CBM 124"]
[Source "ChessBase"]
[SourceDate "2008.05.28"]
[SourceVersion "1"]
[SourceVersionDate "2008.05.28"]
[SourceQuality "1"]

1. d4 d5 2. c4 c6 3. Nc3 Nf6 4. Nf3 e6 5. Bg5 h6 6. Bh4 dxc4 7. e4 g5 8. Bg3 b5
9. Be2 Bb7 10. O-O Nbd7 11. Ne5 Bg7 12. Nxd7 ({The latest games with} 12. Nxf7
{haven't brought much clarity into the basic question: "Is this sacrifice
correct?"} Kxf7 13. e5 Nd5 14. Ne4 Ke7 15. Nd6 Rb8 $146 (15... Qb6 16. Bg4 Raf8
17. Qc2 Rhg8 18. Qg6 Nc7 19. Qe4 Ba8 20. f4 Nf6 $6 (20... c5 21. Qh7 cxd4 22.
fxg5 d3+ 23. Kh1 $40) (20... Kd8 $142 $5) 21. exf6+ Bxf6 22. fxg5 (22. Rad1 $18
) 22... Qxd4+ 23. Kh1 $16 {->, Kiselev,V (2504)-Gundavaa,B (2320)/Moscow op/
2008/}) 16. Bg4 c5 17. f4 $5 (17. Qc2 Qg8 18. Qg6 Nf8 $17) 17... Ne3 (17...
cxd4 $5) 18. fxg5 Nxf1 (18... Nxd1 $4 19. Rf7#) 19. Qxf1 Qf8 20. Qe2 Bd5 (20...
cxd4 21. Rf1 Qg8 22. g6 Kd8 23. Qd2 $1 $40) 21. Rf1 Qg8 22. g6 Kd8 23. dxc5 Kc7
24. Rf7 Kc6 {Beckhuis,G (2350)-Steingrimsson,H (2551)/EU-ch Plovdiv/2008/} 25.
b4 $5 $44) 12... Nxd7 13. Bd6 a6 14. Re1 $5 {In a very topical opening
position Radjabov plays Inarkiev's move. This is no surprise, as this year it
brought him a full point against Anand.} ({Another popular alternative is} 14.
a4 e5 {More enterprising is} 15. Bg4 (15. d5 c5 16. b4 Qb6 17. bxc5 Nxc5 18.
Bxc5 Qxc5 19. axb5 axb5 20. Rxa8+ Bxa8 21. Qa1 O-O 22. Qa5 Rb8 23. Rb1 Bf8 24.
Nxb5 f5 25. Qa6 Kh8 26. Nc3 Rxb1+ 27. Nxb1 Qb4 28. Qxa8 Qxb1+ 29. Bf1 Qb4 30.
exf5 c3 31. Qc8 (31. Qc6 e4 32. h4 g4 33. g3 Qc5 34. Qf6+ Bg7 35. Qd8+ Bf8 36.
Qf6+ Bg7 $11 {Alekseev,E (2716)-Bareev,E (2653)/WCup Khanty-Mansiysk/2007/})
31... e4 32. d6 Qxd6 33. Qxc3+ Bg7 34. Qc8+ Kh7 35. g3 Qd4 36. Qe8 Qe5 37. Qg6+
Kh8 $14 {/=^-, Kramnik,V (2799)-Karjakin,S (2732)/Nice rpd/2008/ White has an
advantage, but with P only on one flank the opposite-coloured B are a very
strong drawing factor.}) 15... exd4 16. e5 c5 17. Re1 Nxe5 18. Bxe5 O-O 19.
Bxg7 Kxg7 20. Ne2 f5 21. Bh5 f4 22. b4 cxb3 (22... d3 23. bxc5 d2 $5 (23... b4
24. Nd4 Qxd4 25. Re7+ Kh8 26. Rxb7 f3 $5 (26... Qxc5 27. Qe1 $40) 27. Qe1 $14 {
[%csl Rh8] |^,עh8}) 24. Rf1 f3 25. gxf3 Qd3 $44) 23. Qxb3 Qd5 24. Qh3 Bc8 25.
Nc3 $1 dxc3 26. Qxc3+ Qd4 27. Qf3 Ra7 28. axb5 Qf6 (28... Rf6 $142 $1 $14) 29.
Qa3 Qb6 30. Qc3+ Kg8 31. Re5 $16 {Kramnik,V (2799)-Aronian,L (2739)/Wijk aan
Zee/2008/}) 14... Bf8 ({The premiere game featured the risky} 14... c5 15. dxc5
Rc8 16. a4 $1 b4 17. c6 Bxc6 18. Nd5 {This sortie indicates, why the R is
useful on e1...} Ne5 (18... Bxb2 $142 $5 19. Be7 Qxe7 20. Nxe7 Kxe7 21. Bxc4
Nc5 $132) 19. Be7 Qd7 (19... Qa5 20. Bxb4 $36) 20. Nf6+ Kxe7 21. Nxd7 Bxd7 22.
Qd2 a5 23. Rad1 Rhd8 24. Qd6+ Ke8 25. Qb6 $16 {Inarkiev,E (2674)-Aronian,L 
(2741)/WCup Khanty-Mansiysk/2007/ Although White managed to lose the game (it
was a rapid tiebreaker), Black didn't want to repeat this adventure anymore.})
15. Bg3 ({Initially White tried} 15. Bxf8 Kxf8 $142 $1 {Here White would
prefer to have his R on f1 to get in a quick f4.} (15... Rxf8 16. b3 cxb3 (
16... b4 17. Na4 c3 18. a3 a5 19. d5 $1 Qe7 20. d6 Qf6 21. e5 $16 {Radjabov,T 
(2735)-Anand,V (2799)/Wijk aan Zee/2008/}) 17. Qxb3 Qb6 18. Red1 (18. d5 O-O-O
19. a4 $5 $44) 18... O-O-O 19. a4 Kb8 20. e5 f6 21. exf6 Nxf6 22. Qxe6 Qc7 23.
axb5 cxb5 24. Rdc1 Qd6 25. Qa2 Rc8 26. Bxb5 Ng4 {0-1 Citak,S (2319)-Firat,B 
(2182)/Ankara 2008/The Week in Chess 700}) 16. b3 cxb3 17. Qxb3 (17. axb3 Kg7
$13) 17... Kg7 18. a4 Qe7 19. Rad1 b4 $5 20. a5 bxc3 21. Qxb7 Rhb8 22. Qxc6 Rc8
23. Qa4 Nf6 $15 {[%csl Gc3] o^c3, Hillarp Persson,T (2535)-Wang Hao (2665)/
Gibraltar/2008/}) 15... Bg7 16. Bd6 Bf8 17. Bg3 Bg7 18. e5 $1 {[%cal Rc3e4,
Re4d6] /\Ne4-d6 A fighting attempt, again introduced by Inarkiev} (18. Bd6 $11)
18... c5 $5 $146 {[%mdl 8] Opening the position is as usual risky, but
otherwise White's compensation is beyond doubt:} (18... O-O 19. Bf3 Qe7 (19...
Qb6 $5 {/\c5<=>}) (19... Rb8 $13) 20. Ne4 Nb6 (20... c5 21. Nxg5 $1 $14 {
[%csl Rg8] ׻}) 21. Qe2 Rad8 22. Rad1 Nd5 23. a3 Kh8 24. Qc2 a5 25. h4 $1 Nf4 (
25... gxh4 $2 26. Nf6 Nxf6 27. Bxh4 $16) 26. hxg5 hxg5 27. Bxf4 gxf4 {Inarkiev,
E (2684)-Cheparinov,I (2696)/GP Baku/2008/} 28. Nc5 $36) 19. d5 O-O 20. Bf3 Ra7
$6 {Now White gets strong pressure.} (20... exd5 $142 $5 21. Bxd5 (21. Nxd5 Re8
22. Nf6+ (22. e6 Rxe6 23. Rxe6 fxe6 24. Nc7 Bxf3 25. Qxf3 Ra7 26. Nxe6 Qf6 27.
Qd5 Qf7 $17) 22... Bxf6 23. Bxb7 Nxe5 24. Bxa8 Qxa8 $132) 21... Bxd5 22. Qxd5
Qe8 23. Rad1 (23. e6 fxe6 24. Rxe6 Qf7 $15) {<=>} 23... Rd8 $13) (20... Qb6 21.
d6 (21. dxe6 Bxf3 22. exf7+ Rxf7 23. gxf3 Qe6 $15) (21. Qc2 $5 $44) 21... Rad8
(21... b4 22. Na4 Qb5 23. Bxb7 Qxb7 24. Qc2 $14) 22. Rc1 Bc6 $5 $13) 21. dxe6 (
{The text-move is more straightforward, than} 21. d6 Bxf3 22. Qxf3 f5 23. exf6
Qxf6 24. Qe2 $44 {/+/=}) 21... Bxf3 {[%mdl 512]} (21... fxe6 22. Bg4 Qe7 23.
Qd6 Re8 24. Rad1 Ba8 25. Ne4 $44 {is attractive for White, so Aronjan decides
to sacrifice material.}) 22. exf7+ (22. Qxf3 $2 fxe6 23. Qc6 Qb6 {shows one
reason, why the R is useful on a7.}) 22... Rxf7 23. gxf3 Qe8 $1 (23... Rf8 $2
24. Qd5+ Kh8 25. e6 Nb6 26. Qxc5 $16 {/+-}) 24. e6 (24. Qd5 $5 Nb6 (24... Nf8
25. e6 Rfe7 26. Bd6 Nxe6 27. Bxe7 Rxe7 28. Re4 $16) 25. Qxc5 Qe6 26. a4 $36)
24... Re7 25. Qd5 {A practical choice, Radjabov declines the offer and strives
for activity. However, even after taking the knight White retains some winning
chances.} (25. exd7 Raxd7 26. Qc1 Rxe1+ 27. Qxe1 Qxe1+ 28. Rxe1 Rd2 29. Rb1 Kf7
$5 $14 {/~~} (29... b4 30. Na4 c3 31. bxc3 bxc3 32. Nxc5 c2 (32... Rxa2 $5) 33.
Rb8+ Kf7 34. Nb3 c1=Q+ 35. Nxc1 Rd1+ 36. Kg2 Rxc1 37. Rb7+ Kg8 38. Rb6 $14 {
/+/-}) (29... Bxc3 30. bxc3 Rxa2 (30... b4 31. Bc7 $1 a5 (31... bxc3 32. Rc1 c2
33. Kg2 $18) 32. Bxa5 Rxa2 33. Bxb4 $5 cxb4 34. Rxb4 $18) 31. Bd6 Rc2 32. Ra1
Rxc3 33. Bxc5 $16)) 25... Nf6 (25... Nb6 26. Qf5 $1 $36 (26. Qxc5 $6 Rxe6 $11))
26. Qxc5 Ra8 (26... Rab7 27. Rad1 $5 Rxe6 28. Rxe6 Qxe6 29. Rd6 $16) 27. Qf5 {
[%cal Rg3d6] /\Bd6} (27. a4 $6 Rc8 28. Qb4 bxa4 29. Qxa4 Rc6 $132) (27. Qb6 $5)
27... Rd8 (27... Qc6 28. Rad1 $16) (27... b4 28. Ne4 Nxe4 29. Qxe4 $16) 28.
Rac1 $6 (28. f4 b4 29. fxg5 hxg5 30. Ne4 Nxe4 31. Rxe4 Bxb2 32. Rb1 $16) (28.
Rad1 Rxd1 29. Nxd1 $16) (28. h4 $5 Qc6 29. hxg5 hxg5 30. Qxg5 Rxe6 31. Rxe6
Qxe6 32. a4 $1 b4 33. Ne4 $36 {Shipov}) 28... Qc6 $1 29. b3 (29. a4 $1 $14)
29... Rde8 {[%csl Re6] White loses his pride and his advantage evaporates.} 30.
a4 Rxe6 (30... cxb3 31. axb5 Qc4 $5 $11 {is more ambitious, but also roughly
equal. After being in serious trouble for a while, Aronian quite naturally
opts for a simpler solution.}) 31. Rxe6 Qxe6 32. Qxe6+ Rxe6 33. axb5 cxb3 (
33... axb5 34. Nxb5 cxb3 35. Rb1 Nd5 $11 {is sufficient as well, but the
text-move leads to further simplification.}) 34. Rb1 Nh5 $1 35. bxa6 Rxa6 (
35... Bxc3 36. a7 Ra6 (36... Re8 $2 37. Bb8 $18) 37. Rxb3 Rxa7 $11) 36. Rxb3
Bxc3 37. Rxc3 Kf7 $11 {With White's compromised P and play only on one flank a
draw is fairly obvious. But here we have the Sofia rules, so the players have
to make a few more useless moves.} 38. Rc4 Rf6 39. Kg2 Kg6 40. h4 Nf4+ 41. Bxf4
(41. Kf1 Nd5 42. Rd4 Rf5 $11) 41... Rxf4 42. Rc6+ (42. Rxf4 gxf4 43. Kh2 h5 $11
(43... Kf6 $11)) 42... Kh5 43. hxg5 hxg5 44. Kg3 Ra4 45. Rf6 Ra3 46. Re6 Ra4
47. Re4 Ra3 48. Rd4 Rb3 49. Kg2 Kg6 50. f4 gxf4 51. Rxf4 Kg5 52. Rf3 Rxf3 53.
Kxf3 Kf5 54. Ke3 Ke5 55. f4+ Kf5 56. Kd4 (56. Kf3 Kf6 $11) 56... Kxf4 1/2-1/2